000 00438 a2200157 4500
001 92405
082 _a624.1760212 YOU
090 _c44375
_d44376
100 _aYoung, Warren C; Richard G Budynas; Ali M Sadegh
245 _aRoark's Formulas for stress and strain, 8/e
250 _a8
260 _aNew York
_bMcGraw-Hill
_c2012
300 _axviii, 1054 p.
650 _astress and strain-formulas
740 _astress strain
942 _aNUST-CAE
_k624.1760212 YOU
999 _c327478
_d327478